LEADER 01720nam a2200349 i 4500 001 991001215759707536 005 20020507185400.0 008 941122s1983 ||| ||| | eng 020 $a3540126708 035 $ab10816756-39ule_inst 035 $aLE01308811$9ExL 040 $aDip.to Matematica$beng 082 0 $a574.01515 084 $aAMS 92-06 084 $aAMS 92-XX 084 $aAMS 92E 084 $aQH323.5 100 1 $aHodgson, J. P. E.$0536362 245 10$aOscillations in mathematical biology :$bproceedings of a conference held at Adelphi University, April 19, 1982 /$cedited by J. P. E. Hodgson 260 $aBerlin ; New York :$bSpringer-Verlag,$c1983 300 $a196 p. :$bill. ;$c24 cm 490 0 $aLecture notes in biomathematics,$x0341-633X ;$v51 500 $aContents: A one-variable map analysis of bursting in the Belousov-Zhabotinskii reaction / John Rinzel and William Troy - Coupled oscillators and mammalian small intestines / Nancy Kopell and G. Bard Ermentrout - Numerical Hopf bifurcation computation for delay differential systems / Brian Hassard - Traveling waves with finitely many pulses in a nerve equation / John Feroe - Dynamic models of neural systems / Gail Carpenter and Stephen Grossberg. 500 $aIncludes bibliographical references 650 4$aBiomathematics$xCongresses 650 4$aOscillations$xCongresses 907 $a.b10816756$b23-02-17$c28-06-02 912 $a991001215759707536 945 $aLE013 92-XX HOD11 (1983)$g1$i2013000017419$lle013$o-$pE0.00$q-$rl$s- $t0$u0$v0$w0$x0$y.i10923421$z28-06-02 996 $aOscillations in mathematical biology$9925139 997 $aUNISALENTO 998 $ale013$b01-01-94$cm$da $e-$feng$gxx $h0$i1 LEADER 03719nam 2200637 a 450 001 9910781936503321 005 20230525171114.0 010 $a1-283-31340-5 010 $a9786613313409 010 $a90-272-7789-3 035 $a(CKB)2550000000063486 035 $a(EBL)793561 035 $a(OCoLC)759101378 035 $a(SSID)ssj0001101301 035 $a(PQKBManifestationID)11600767 035 $a(PQKBTitleCode)TC0001101301 035 $a(PQKBWorkID)11067119 035 $a(PQKB)11497388 035 $a(MiAaPQ)EBC793561 035 $a(Au-PeEL)EBL793561 035 $a(CaPaEBR)ebr10508945 035 $a(EXLCZ)992550000000063486 100 $a20111213d1991 uy 0 101 0 $aeng 135 $aur|n|---||||| 181 $ctxt$2rdacontent 182 $cc$2rdamedia 183 $acr$2rdacarrier 200 10$aPerspectives on Arabic linguistics III $epapers from the Third Annual Symposium on Arabic Linguistics /$feditors, Bernard Comrie, Mushira Eid 210 1$aAmsterdam ;$aPhiladelphia :$cJohn Benjamins Pub. Co.,$d1991. 215 $a1 online resource (286 pages) $cillustrations, charts 225 1 $aAmsterdam studies in the theory and history of linguistic science. Series IV, Current issues in linguistic theory,$x0304-0763 ;$vv. 80 300 $aSymposium held at the University of Utah, Mar. 3-4, 1989. 311 0 $a90-272-3577-5 320 $aIncludes bibliographical references and index. 327 $aPERSPECTIVES ON ARABIC LINGUISTICS III PAPERS FROM THE THIRD ANNUAL SYMPOSIUM ON ARABIC LINGUISTICS; Editorial page; Title page; Copyright page; Table of contents; FOREWORD; INTRODUCTION; I. ARABIC IN RELATION TO OTHER LANGUAGES; ON THE IMPORTANCE OF ARABIC FOR GENERAL LINGUISTIC THEORY; VERBLESS SENTENCES IN ARABIC AND HEBREW; SEMITIC GUTTURALS AND DISTINCTIVE FEATURE THEORY; ARABIC LOANWORDS IN ACEHNESE; A CONTRASTIVE STUDY OF MIDDLE AND UNACCUSATIVE CONSTRUCTIONS IN ARABIC AND ENGLISH; II. GRAMMATICAL PERSPECTIVES 327 $aEPENTHESIS IN MAKKAN ARABIC: UNSYLLABIFIED CONSONANTS VS. DEGENERATE SYLLABLES; COMPUTER ANALYSIS OF ARABIC MORPHOLOGY: A TWO-LEVEL APPROACH WITH DETOURS; CAUSATIVES IN MOROCCAN ARABIC; III. SOCIO- AND PSYCHO- LINGUISTIC PERSPECTIVES; WOMEN, MEN, AND LINGUISTIC VARIATION IN THE ARAB WORLD; CODE-SWITCHING AND LINGUISTIC ACCOMMODATION IN ARABIC; AGRAMMATISM IN ARABIC; INDEX 330 $aThis is the third in a continuing series of papers presented at the annual meetings of the Arabic Linguistic Society whose primary purpose is to provide a forum for the study of Arabic within current approaches in linguistics. The volume includes a section on Arabic in relation to other languages, with papers ranging from the importance of Arabic to general linguistic theory, and guttural phonology to Arabic loanwords in Acehnese, verbless sentences in Arabic and Hebrew, and a contrastive study of middle and unaccusative constructions in Arabic and English. 410 0$aAmsterdam studies in the theory and history of linguistic science.$nSeries IV,$pCurrent issues in linguistic theory ;$vv. 80. 606 $aArabic language$xSyntax$vCongresses 606 $aArabic language$xGrammar$vCongresses 606 $aArabic language$xSocial aspects$vCongresses 615 0$aArabic language$xSyntax 615 0$aArabic language$xGrammar 615 0$aArabic language$xSocial aspects 676 $a492.7 676 $a492.705 701 $aComrie$b Bernard$f1947-$0152014 701 $aEid$b Mushira$0173922 801 0$bMiAaPQ 801 1$bMiAaPQ 801 2$bMiAaPQ 906 $aBOOK 912 $a9910781936503321 996 $aPerspectives on Arabic linguistics III$93771099 997 $aUNINA